Quy định mới về tổ chức giảng dạy ngoại ngữ và chuẩn đầu ra ngoại ngữ tại ĐHQG Hà Nội
Enregistré dans:
| Auteur principal: | |
|---|---|
| Format: | Livre |
| Langue: | Undetermined |
| Sujets: | |
| Accès en ligne: | http://lrc.tdmu.edu.vn/opac/search/detail.asp?aID=2&ID=27367 |
| Tags: |
Ajouter un tag
Pas de tags, Soyez le premier à ajouter un tag!
|
| Thư viện lưu trữ: | Trung tâm Học liệu Trường Đại học Thủ Dầu Một |
|---|
| LEADER | 00659nam a2200145Ia 4500 | ||
|---|---|---|---|
| 001 | TDMU_27367 | ||
| 008 | 210410s9999 xx 000 0 und d | ||
| 082 | |a 372 | ||
| 100 | |a Lê, Thị Chinh | ||
| 245 | 0 | |a Quy định mới về tổ chức giảng dạy ngoại ngữ và chuẩn đầu ra ngoại ngữ tại ĐHQG Hà Nội | |
| 245 | 0 | |c Lê Thị Chinh | |
| 300 | |a Tr.39-42 | ||
| 650 | |a Giáo dục đại học |x Chuẩn đầu ra; Giảng dạy; Ngoại ngữ; Chuẩn đầu ra | ||
| 856 | |u http://lrc.tdmu.edu.vn/opac/search/detail.asp?aID=2&ID=27367 | ||
| 980 | |a Trung tâm Học liệu Trường Đại học Thủ Dầu Một | ||